Ciberseguridad empresarial (Registro nro. 324449)
[ vista simple ]
| 000 -ENCABEZADO | |
|---|---|
| Número de control [NR] | 00845nam a22002417a 4500 |
| 005 - FECHA Y HORA DE LA ÚLTIMA TRANSACCIÓN | |
| control field | 20240722090545.0 |
| 008 - DE LONGITUD FIJA DE DATOS DE ELEMENTOS - INFORMACIÓN GENERAL | |
| Elementos de longitud fija [NR] | 240722t ||||| |||| 00| 0 spa d |
| 020 ## - NUMERO INTERNACIONAL NORMALIZADO PARA LIBROS [R] | |
| Número Internacional Normalizado del libro [NR] | 9789587924831 |
| 020 ## - NUMERO INTERNACIONAL NORMALIZADO PARA LIBROS [R] | |
| Número Internacional Normalizado del libro [NR] | 9789587924848 |
| 040 ## - FUENTE DE CATALOGACION [NR] | |
| Agencia de catalogación original [NR] | CO-BoUCM |
| Quien Cataloga | David Moreno |
| Quien Clasifica | David Moreno |
| 041 ## - CODIGO DE IDIOMA [R] | |
| Código de idioma para texto/pista de sonido o título separado [R] | Español |
| 100 1# - ASIENTO PRINCIPAL--NOMBRE PERSONAL [NR] | |
| Nombre personal [NR] | Cano M, Jeimy J |
| ID Autoridad | 181694 |
| 245 10 - MENCION DE TITULO [NR] | |
| Título [NR] | Ciberseguridad empresarial |
| Parte restante del título [NR] | Reflexiones y retos para los ejecutivos del siglo XXI |
| Mención de responsabilidad, etc. [NR] | Jeimy J. Cano M. |
| 250 ## - MENCION DE EDICION [NR] | |
| Mención de edición [NR] | 2da edicion |
| 260 ## - PUBLICACION, DISTRIBUCION, ETC. (PIE DE IMPRENTA) [R] | |
| Lugar de publicación, distribución, etc. [R] | Bogota, Colombia |
| Nombre del editor, distribuidor, etc. [R] | Ediciones de la U |
| Fecha de publicación, distribución, etc. [R] | 2023 |
| 300 ## - DESCRIPCION FISICA [R] | |
| Extensión [R] | 330 Paginas |
| 650 14 - ASIENTO SECUNDARIO DE MATERIA - TERMINO TEMATICO [R] | |
| Término temático o nombre geográfico como elemento de entrada [NR] | Ingenieria de sistemas |
| 9 (RLIN) | 17623 |
| 650 14 - ASIENTO SECUNDARIO DE MATERIA - TERMINO TEMATICO [R] | |
| Término temático o nombre geográfico como elemento de entrada [NR] | Seguridad informatica |
| 9 (RLIN) | 47082 |
| 650 14 - ASIENTO SECUNDARIO DE MATERIA - TERMINO TEMATICO [R] | |
| Término temático o nombre geográfico como elemento de entrada [NR] | Riesgos informaticos |
| 9 (RLIN) | 181695 |
| 650 14 - ASIENTO SECUNDARIO DE MATERIA - TERMINO TEMATICO [R] | |
| Término temático o nombre geográfico como elemento de entrada [NR] | Seguridad informatica empresarial |
| 9 (RLIN) | 181696 |
| 942 ## - ELEMENTOS DE ENTRADA AGREGADOS (KOHA) | |
| Sistema de clasificación | DEWEY |
| Tema principal | Generalidades |
| Tipo de ítem principal el descrito en 300a | Libro |
| Edición | 2 |
| Clasificación | 005.8 |
| Parte restante de la signatura top. | C227c |
| Título oculto en OPAC | No |
| Total préstamos | Signatura topográfica | Código de barras | Última vez visto | Ejemplar | Price effective from | Tipo de ítem | Perdido | Sistema de clasificación | Dañado | No prestable | Tipo de ítem específico | Suprimido | Ubicación habitual | Ubicación actual | Localización | Fecha de creación | Forma de adquisición | Costo |
|---|---|---|---|---|---|---|---|---|---|---|---|---|---|---|---|---|---|---|
| 005.8 C227c | 100172849 | 03/12/2025 | Ej.1 | 22/07/2024 | Libro | DEWEY | Libro | Claustro | Claustro | 4to piso | 22/07/2024 | Compra | 67200.00 |